| 000 | 00876cam a2200217 a 4500 | ||
|---|---|---|---|
| 008 | 191029t20202021paua 001 0 eng d | ||
| 020 | _a9780323641982 | ||
| 020 | _a0323641989 | ||
| 050 | 0 | 0 |
_aRC582 _b.P44 2021 |
| 245 | 0 | 0 |
_aPediatric transplant and oncology infectious diseases / _c[editors] William J. Steinbach, Michael D. Green, Marian G. Michaels, Lara A. Danziger-Isakov, Brian T. Fisher. |
| 260 |
_aPhiladelpia _bElsevier _c2021 |
||
| 300 |
_axiii, 272 pages : _bcolour illustrations ; |
||
| 650 | 0 |
_aCommunicable diseases in children _xTreatment. |
|
| 650 | 0 |
_aInfection in children _xTreatment. |
|
| 650 | 0 | _aTransplantation of organs, tissues, etc. in children. | |
| 650 | 0 | _aTumors in children. | |
| 650 | 7 |
_aInfection in children _xTreatment. |
|
| 650 | 7 | _aTransplantation of organs, tissues, etc. in children. | |
| 650 | 7 | _aTumors in children. | |
| 942 | _cBK | ||
| 999 |
_c2807 _d2807 |
||